000 01065nam a2200253 i 4500
001 157134
003 ES-MaACL
005 20250824063054.0
008 940202s1896 sp a |||| | spa d
080 _a821.134.2-31"18"
100 1 _aLarra y Wetoret, Luis Mariano de,
_d1830-1901
_970289
245 1 1 _a¡Si yo fuera rico! /
_cnovela original de Luis Mariano de Larra ; ilustrada por Alejandro de Riquer.
260 _aBarcelona :
_bMontaner y Simón,
_c1896.
300 _aVI, [7]-315 p. :
_bil. ;
_c24 cm.
490 1 _aBiblioteca universal
530 _aDisponible en formato digital.
700 1 _aRiquer Inglada, Alejandro de.
_9144464
710 2 _aMontaner y Simón.
_9134693
830 1 _aBiblioteca universal
_9188102
852 _aES-MaACL
_jC-2389
_z- Enc. editorial en tela estampada: "Pasio"
_z- Legado M. de la Fuente
856 _uhttp://bdh-rd.bne.es/viewer.vm?id=0000204941&page=1
_zBiblioteca Digital Hispánica
856 _uhttp://www.archive.org/details/siyofuerarico00mari
_zInternet Archive
999 _c157134
_d157134